Southville International School and Colleges
Your cart is empty.
  • Cart
  • Lists
    Public lists Eva Luna New books Lux_list list_1
    Your lists Log in to create your own lists
  • Log in to your account
  • Your cookies
  • Search history
Southville International School and Colleges
  • Advanced search
  • Recent comments
  • Most popular
  • Libraries

Log in to your account

Log in with GOOGLE


If you do not have an external account, but do have a local account, you can still log in:

  1. Home
  2. MARC view: Seeing beyond depression/
Normal view MARC view ISBD view

Seeing beyond depression/ (Record no. 362716)

[ view plain ]
MARC details
000 -LEADER
fixed length control field 00488nam a2200181Ia 4500
008 - FIXED-LENGTH DATA ELEMENTS--GENERAL INFORMATION
fixed length control field 191127s9999 xx 000 0 und d
100 ## - MAIN ENTRY--PERSONAL NAME
Personal name Bullmore, Edward
245 ## - TITLE STATEMENT
Title Seeing beyond depression/
245 ## - TITLE STATEMENT
Statement of responsibility, etc Edward Bullmore
260 ## - PUBLICATION, DISTRIBUTION, ETC. (IMPRINT)
Name of publisher, distributor, etc Sussex Publisher
260 ## - PUBLICATION, DISTRIBUTION, ETC. (IMPRINT)
Date of publication, distribution, etc 2019
300 ## - PHYSICAL DESCRIPTION
Extent Pages 50-59, January/February 2019
440 ## - SERIES STATEMENT/ADDED ENTRY--TITLE
Title Psychology Today: Escaping Depression
Volume number/sequential designation 51: 1
650 ## - SUBJECT ADDED ENTRY--TOPICAL TERM
Topical term or geographic name as entry element Depression
650 ## - SUBJECT ADDED ENTRY--TOPICAL TERM
Topical term or geographic name as entry element disorder
650 ## - SUBJECT ADDED ENTRY--TOPICAL TERM
Topical term or geographic name as entry element Psychology
650 ## - SUBJECT ADDED ENTRY--TOPICAL TERM
Topical term or geographic name as entry element treatment
Holdings
Withdrawn status Lost status Damaged status Home library Current library Date acquired Total Checkouts Date last seen Price effective from Koha item type
      Luxembourg Library Luxembourg Library 11/27/2019   11/27/2019 11/27/2019 Periodicals

Seeing beyond depression/

APA

Bullmore E., .Seeing beyond depression. : Sussex Publisher.

Chicago

Bullmore Edward, .Seeing beyond depression. : Sussex Publisher.

Harvard

Bullmore E., .Seeing beyond depression. : Sussex Publisher.

MLA

Bullmore Edward, .: Sussex Publisher. .

  • Place hold
  • Print
  • Cite
  • Add to your cart (remove)
  • Save record
    BIBTEX Dublin Core MARCXML MARC (non-Unicode/MARC-8) MARC (Unicode/UTF-8) MARC (Unicode/UTF-8, Standard) MODS (XML) RIS
  • More searches
    Search for this title in:
    Other Libraries (WorldCat) Other Databases (Google Scholar) Online Stores (Bookfinder.com) Open Library (openlibrary.org)

Exporting to Dublin Core...

SOUTHVILLE LIBRARY

Southville International School and Colleges Library

1281 Tropical Ave. Cor. Luxembourg St., BF Homes International, Las Pinas City

Tel. No. 8256374 / 252358 Loc. 117/146

Powered by Koha